[Event "Madrid 2011/2012- Semifinal A "]
[Site "Madrid ESP"]
[Date "2012.04.23"]
[Round "7.21"]
[White "Lopez Peral, Enrique"]
[Black "Barroso Barroso, Jorge"]
[Result "1/2-1/2"]
[WhiteElo "1844"]
[BlackElo "1763"]
[PlyCount "66"]
[EventDate "2012.04.10"]
[EventType "swiss"]
[EventRounds "9"]
[EventCountry "ESP"]
[Source "lmi"]
[SourceDate "2012.04.10"]

1. Nf3 d5 2. g3 Nf6 3. Bg2 e6 4. O-O Be7 5. c4 O-O 6. cxd5 exd5 7. d4 Nbd7 8.
Nc3 c6 9. a3 Nb6 10. Bg5 Nc4 11. Bxf6 Bxf6 12. b3 Nd6 13. e3 Re8 14. Nd2 Bf5
15. b4 Qd7 16. Rc1 a5 17. Qb3 axb4 18. axb4 Bd3 19. Rfe1 Bc4 20. Nxc4 Nxc4 21.
b5 Ra3 22. Qd1 Be7 23. bxc6 bxc6 24. Re2 Rea8 25. Rec2 Qa7 26. Nxd5 cxd5 27.
Bxd5 Nxe3 28. fxe3 Re8 29. Rc8 Rxc8 30. Rxc8+ Bf8 31. Qf3 Qe7 32. Kf2 Ra6 33.
Kg2 Ra3 1/2-1/2

[Event "Madrid 2011/2012- Semifinal A "]
[Site "Madrid ESP"]
[Date "2012.04.23"]
[Round "7.22"]
[White "Carrera Cabañeros, Francisco"]
[Black "Hrybanova, Valeria"]
[Result "1-0"]
[WhiteElo "1814"]
[BlackElo "1498"]
[PlyCount "37"]
[EventDate "2012.04.10"]
[EventType "swiss"]
[EventRounds "9"]
[EventCountry "ESP"]
[Source "lmi"]
[SourceDate "2012.04.10"]

1. d4 d5 2. c4 Nf6 3. Nc3 Bf5 4. Bf4 Nc6 5. e3 e6 6. Nf3 Bb4 7. Rc1 Ne4 8. Bd3
Rb8 9. cxd5 exd5 10. O-O O-O 11. Nb5 Ba5 12. Ne5 a6 13. Nxc6 bxc6 14. Na7 Bd7
15. Nxc6 Bxc6 16. Rxc6 Nd2 17. Qh5 g6 18. Bxg6 fxg6 19. Rxg6+ 1-0

[Event "Madrid 2011/2012- Semifinal A "]
[Site "Madrid ESP"]
[Date "2012.04.23"]
[Round "7.23"]
[White "Rodriguez Bachiller, Luis"]
[Black "Sterling Carmona, Francisco"]
[Result "1/2-1/2"]
[WhiteElo "1827"]
[BlackElo "2072"]
[PlyCount "99"]
[EventDate "2012.04.10"]
[EventType "swiss"]
[EventRounds "9"]
[EventCountry "ESP"]
[Source "lmi"]
[SourceDate "2012.04.10"]

1. Nf3 Nf6 2. g3 b6 3. Bg2 Bb7 4. O-O e6 5. c4 c5 6. Nc3 Be7 7. b3 O-O 8. Bb2
a6 9. d3 d5 10. cxd5 exd5 11. d4 Re8 12. e3 Nbd7 13. dxc5 bxc5 14. Rc1 Nb6 15.
Qc2 Rc8 16. Rfd1 Bd6 17. Ne2 Qe7 18. Qf5 d4 19. Nexd4 Be4 20. Qg5 h6 21. Qh4
cxd4 22. Bxd4 Nbd5 23. Nd2 Bxg2 24. Kxg2 Be5 25. Nc4 Bxd4 26. Qxd4 Rcd8 27. Qb2
Qe6 28. Rd4 Nb6 29. Nxb6 Qxb6 30. Rcd1 Rxd4 31. Qxd4 Qxd4 32. Rxd4 Kf8 33. Rd6
Re6 34. Rd8+ Ke7 35. Ra8 Rc6 36. Kf3 Nd5 37. a3 Nc7 38. Ra7 Kd7 39. Rb7 Kc8 40.
Rb4 Nb5 41. a4 Nd6 42. Rg4 g6 43. Rh4 h5 44. g4 hxg4+ 45. Rxg4 Kc7 46. b4 Rc4
47. Rf4 Rxf4+ 48. Kxf4 Nc4 49. Kg5 Nb2 50. Kf6 1/2-1/2

[Event "Madrid 2011/2012- Semifinal A "]
[Site "Madrid ESP"]
[Date "2012.04.24"]
[Round "8.1"]
[White "Martin Duque, Jesus"]
[Black "Rodriguez De Castro, Ayar"]
[Result "1/2-1/2"]
[WhiteElo "2176"]
[BlackElo "2160"]
[PlyCount "92"]
[EventDate "2012.04.10"]
[EventType "swiss"]
[EventRounds "9"]
[EventCountry "ESP"]
[Source "lmi"]
[SourceDate "2012.04.10"]

1. d4 d5 2. c4 e6 3. Nc3 Nf6 4. Bg5 Be7 5. cxd5 exd5 6. e3 O-O 7. Bd3 c6 8. Nf3
Nbd7 9. Qc2 Re8 10. h3 g6 11. Bf4 Nh5 12. Bh2 Ng7 13. O-O-O Qa5 14. Kb1 Nf6 15.
g4 Be6 16. Ne5 Rac8 17. f4 Ne4 18. Bxe4 dxe4 19. f5 Bd5 20. fxg6 fxg6 21. Rhf1
Rf8 22. Bg3 Rxf1 23. Rxf1 Rf8 24. Rxf8+ Bxf8 25. Nxd5 Qxd5 26. Nc4 c5 27. Nd2
cxd4 28. Nxe4 Ne8 29. exd4 Qxd4 30. Bf2 Qd5 31. Bxa7 Bg7 32. Qb3 Qxb3 33. axb3
Bf8 34. Bb6 Be7 35. Kc2 Kf7 36. Kd3 Nd6 37. Nc3 Ke6 38. Bd4 Nf7 39. Ne4 Ng5 40.
Nxg5+ Bxg5 41. Ke4 Bd2 42. Bc3 Bc1 43. b4 Bg5 44. b5 Be7 45. Bd4 Bd6 46. b3 Be7
1/2-1/2

[Event "Madrid 2011/2012- Semifinal A "]
[Site "Madrid ESP"]
[Date "2012.04.24"]
[Round "8.2"]
[White "Rodrigo Yanguas, Maria"]
[Black "Nuñez Reiz, Antonio"]
[Result "1-0"]
[WhiteElo "2181"]
[BlackElo "2061"]
[PlyCount "67"]
[EventDate "2012.04.10"]
[EventType "swiss"]
[EventRounds "9"]
[EventCountry "ESP"]
[Source "lmi"]
[SourceDate "2012.04.10"]

1. e4 Nc6 2. d4 d5 3. e5 f6 4. f4 Bf5 5. c3 e6 6. Nf3 Nh6 7. Be2 Qd7 8. O-O Be7
9. b4 O-O 10. Na3 a5 11. b5 Nd8 12. Nc2 c5 13. c4 Rc8 14. Ne3 Be4 15. Bb2 b6
16. Kh1 Ndf7 17. exf6 Bxf6 18. Ne5 Bxe5 19. fxe5 Qe7 20. Bd3 Ng5 21. cxd5 Rxf1+
22. Bxf1 exd5 23. dxc5 Nh3 24. Qe1 bxc5 25. Qg3 Qe6 26. Be2 Rf8 27. Rf1 Rxf1+
28. Bxf1 d4 29. Bc4 Qxc4 30. Nxc4 Ng4 31. Qxh3 Nf2+ 32. Kg1 Nxh3+ 33. gxh3 Kf7
34. Nd6+ 1-0

[Event "Madrid 2011/2012- Semifinal A "]
[Site "Madrid ESP"]
[Date "2012.04.24"]
[Round "8.3"]
[White "Elissalt Cardenas, Hector"]
[Black "Serrano Salvador, Eduardo"]
[Result "1/2-1/2"]
[WhiteElo "2366"]
[BlackElo "2364"]
[PlyCount "72"]
[EventDate "2012.04.10"]
[EventType "swiss"]
[EventRounds "9"]
[EventCountry "ESP"]
[Source "lmi"]
[SourceDate "2012.04.10"]

1. d4 d5 2. c4 c6 3. Nc3 Nf6 4. e3 e6 5. Nf3 Nbd7 6. Bd3 dxc4 7. Bxc4 b5 8. Bd3
Bb7 9. a3 a6 10. b4 a5 11. Rb1 Bd6 12. O-O O-O 13. Bd2 axb4 14. axb4 h6 15. Qc2
Nd5 16. Ne4 Bc7 17. Nc5 Nxc5 18. dxc5 Qf6 19. e4 Nf4 20. Bxf4 Qxf4 21. Qe2 Ra4
22. e5 f6 23. exf6 Rxf6 24. Qe4 Qxe4 25. Bxe4 Ba5 26. bxa5 Rxe4 27. Ra1 Ba6 28.
Rfd1 Ra4 29. Ne5 Rf5 30. Nxc6 Rxc5 31. Nb8 Bb7 32. a6 Rc8 33. Rxa4 bxa4 34.
axb7 Rxb8 35. Rb1 a3 36. Kf1 a2 1/2-1/2

[Event "Madrid 2011/2012- Semifinal A "]
[Site "Madrid ESP"]
[Date "2012.04.24"]
[Round "8.4"]
[White "Ramirez Garcia, Jorge Alberto"]
[Black "Estrada Martinez, Cesar"]
[Result "1-0"]
[WhiteElo "2222"]
[BlackElo "2114"]
[PlyCount "69"]
[EventDate "2012.04.10"]
[EventType "swiss"]
[EventRounds "9"]
[EventCountry "ESP"]
[Source "lmi"]
[SourceDate "2012.04.10"]

1. e4 c5 2. c3 g6 3. d4 cxd4 4. cxd4 d5 5. e5 Bg7 6. h3 h5 7. Nc3 Nh6 8. Bd3
Nc6 9. Nf3 Bf5 10. Bxh6 Bxh6 11. Bxf5 gxf5 12. Qb3 Qd7 13. Qxd5 Qxd5 14. Nxd5
O-O-O 15. Ne3 Nxd4 16. Nxd4 Rxd4 17. Nxf5 Re4+ 18. Kf1 Rxe5 19. g4 Bf4 20. Kg2
hxg4 21. hxg4 Rxh1 22. Rxh1 Kd7 23. Rd1+ Ke6 24. Ng7+ Kf6 25. Nh5+ Kg5 26. Rd4
Rb5 27. Nxf4 Rxb2 28. Ra4 b5 29. Nh3+ Kh4 30. Rxa7 Kxg4 31. Rxe7 Rxa2 32. Rxf7
Rb2 33. Nf4 Rb4 34. Nd5 Rd4 35. Ne3+ 1-0

[Event "Madrid 2011/2012- Semifinal A "]
[Site "Madrid ESP"]
[Date "2012.04.24"]
[Round "8.5"]
[White "Gomez Gonzalez, Javier"]
[Black "Cabañas Bravo, Juan Andres"]
[Result "1/2-1/2"]
[WhiteElo "2077"]
[BlackElo "2092"]
[PlyCount "155"]
[EventDate "2012.04.10"]
[EventType "swiss"]
[EventRounds "9"]
[EventCountry "ESP"]
[Source "lmi"]
[SourceDate "2012.04.10"]

1. e4 e5 2. Nf3 Nc6 3. Bb5 a6 4. Ba4 Nf6 5. O-O Nxe4 6. d4 b5 7. Bb3 d5 8. dxe5
Be6 9. c3 Nc5 10. Bc2 Bg4 11. Re1 Be7 12. h3 Bh5 13. Bf4 Qd7 14. Nbd2 Ne6 15.
Bh2 d4 16. Ne4 Rd8 17. Ng3 Bg6 18. Bxg6 hxg6 19. cxd4 Ncxd4 20. Nxd4 Qxd4 21.
Qc2 Qb6 22. Rac1 Rd4 23. Ne4 Kd7 24. Qe2 Rd8 25. Bg3 Ke8 26. Kh2 b4 27. Qc2
R8d5 28. f3 Rd3 29. Rcd1 Rxd1 30. Rxd1 Rxd1 31. Qxd1 Qb5 32. Qc1 Qa4 33. Qc4
Qa5 34. Qc6+ Kd8 35. Qa8+ Kd7 36. Qg8 Qxa2 37. Qxf7 Qxb2 38. f4 b3 39. Qxg6 Nd4
40. Qg4+ Kd8 41. f5 Qe2 42. f6 Qxg4 43. fxe7+ Kxe7 44. hxg4 b2 45. Nc3 Nb5 46.
Nb1 Ke6 47. Kg1 a5 48. Be1 a4 49. Bb4 Kxe5 50. Bf8 g6 51. Bg7+ Kf4 52. Kf2 a3
53. Nxa3 Nxa3 54. Bxb2 Nc4 55. Bf6 Kxg4 56. Bd8 c6 57. Bc7 Kf5 58. Kf3 Ne5+ 59.
Ke3 Nd7 60. Kf3 Nc5 61. g4+ Kf6 62. Bd8+ Ke5 63. Bc7+ Kd5 64. Ba5 Ne6 65. Bc3
Nd4+ 66. Ke3 c5 67. Bb2 Ne6 68. Kf3 c4 69. Ke3 Nc5 70. Kf3 g5 71. Bc1 Ne4 72.
Ke3 Ke5 73. Ba3 Nd6 74. Bb2+ Kd5 75. Bf6 Nf7 76. Be7 Ke6 77. Bxg5 Nxg5 78. Kd4
1/2-1/2

[Event "Madrid 2011/2012- Semifinal A "]
[Site "Madrid ESP"]
[Date "2012.04.24"]
[Round "8.6"]
[White "Pastor Alonso De Prado, Alberto E"]
[Black "Mansilla Tolosa, Luis E"]
[Result "1-0"]
[WhiteElo "2218"]
[BlackElo "2048"]
[PlyCount "81"]
[EventDate "2012.04.10"]
[EventType "swiss"]
[EventRounds "9"]
[EventCountry "ESP"]
[Source "lmi"]
[SourceDate "2012.04.10"]

1. e4 c6 2. d4 d5 3. e5 c5 4. dxc5 Nc6 5. Bb5 e6 6. Be3 Nge7 7. c3 Bd7 8. Bxc6
Bxc6 9. Nf3 Nf5 10. Bd4 a5 11. a4 Be7 12. O-O O-O 13. Re1 Rb8 14. b4 Qc7 15.
Na3 Rfc8 16. Nb5 Bxb5 17. axb5 axb4 18. b6 Qd8 19. cxb4 Nxd4 20. Qxd4 f6 21.
Ra7 f5 22. Qa1 Qe8 23. Nd4 Bg5 24. Qa2 g6 25. Qe2 Rd8 26. g3 Bh6 27. Nb5 Bf8
28. Nd6 Qc6 29. Qe3 Bxd6 30. exd6 e5 31. Qxe5 Re8 32. Qa1 Rxe1+ 33. Qxe1 Re8
34. Qa1 d4 35. Ra8 d3 36. Qa2+ Kf8 37. f3 Rxa8 38. Qxa8+ Kf7 39. Qa2+ Kf6 40.
Qb2+ Ke6 41. Qb3+ 1-0

[Event "Madrid 2011/2012- Semifinal A "]
[Site "Madrid ESP"]
[Date "2012.04.24"]
[Round "8.7"]
[White "Gonzalez Mateos, Rafael"]
[Black "Lopez De Turiso Sanchez, Jose Angel"]
[Result "1-0"]
[WhiteElo "2157"]
[BlackElo "2038"]
[PlyCount "59"]
[EventDate "2012.04.10"]
[EventType "swiss"]
[EventRounds "9"]
[EventCountry "ESP"]
[Source "lmi"]
[SourceDate "2012.04.10"]

1. d4 Nf6 2. c3 e6 3. Bg5 c5 4. e3 Be7 5. Nd2 d5 6. Ngf3 Nbd7 7. Bd3 Qc7 8. O-O
h6 9. Bh4 Bd6 10. c4 cxd4 11. exd4 b6 12. Rc1 Qb8 13. Bxf6 Nxf6 14. cxd5 Nxd5
15. Bb5+ Ke7 16. Ne5 Bxe5 17. dxe5 Qxe5 18. Bc6 Rb8 19. Nc4 Qc7 20. Bxd5 exd5
21. Na5 Qd6 22. Nc6+ Kf8 23. Nxb8 Qxb8 24. Qxd5 Be6 25. Qc6 g6 26. Qc7 Qa8 27.
Qe5 Kg8 28. Rc7 h5 29. Rd1 h4 30. Qf6 1-0

[Event "Madrid 2011/2012- Semifinal A "]
[Site "Madrid ESP"]
[Date "2012.04.24"]
[Round "8.8"]
[White "Perez De Aranda A., Leonardo I"]
[Black "Pinel Mirasierra, Jose Pablo"]
[Result "1-0"]
[WhiteElo "2107"]
[BlackElo "1919"]
[PlyCount "47"]
[EventDate "2012.04.10"]
[EventType "swiss"]
[EventRounds "9"]
[EventCountry "ESP"]
[Source "lmi"]
[SourceDate "2012.04.10"]

1. e4 c6 2. d4 d5 3. f3 g6 4. Nc3 Bg7 5. Be3 e6 6. Qd2 Nd7 7. Nh3 b6 8. Nf4 Bb7
9. O-O-O Ne7 10. h4 O-O 11. h5 g5 12. h6 Bh8 13. Nh5 f6 14. Ng7 Bxg7 15. hxg7
Kxg7 16. e5 h6 17. f4 Nf5 18. exf6+ Nxf6 19. fxg5 hxg5 20. Bxg5 Rh8 21. Bd3 Qd7
22. Bxf6+ Kxf6 23. g4 Ng7 24. Rdf1+ 1-0

[Event "Madrid 2011/2012- Semifinal A "]
[Site "Madrid ESP"]
[Date "2012.04.24"]
[Round "8.9"]
[White "Aguado Solana, Juan"]
[Black "Madurga Lopez, Ignacio"]
[Result "1/2-1/2"]
[WhiteElo "2060"]
[BlackElo "2073"]
[PlyCount "83"]
[EventDate "2012.04.10"]
[EventType "swiss"]
[EventRounds "9"]
[EventCountry "ESP"]
[Source "lmi"]
[SourceDate "2012.04.10"]

1. d4 Nf6 2. Bg5 c5 3. d5 Qb6 4. Bxf6 Qxf6 5. Qc1 g6 6. c4 b5 7. cxb5 d6 8. e4
Bg7 9. Nc3 a6 10. Nf3 Nd7 11. bxa6 O-O 12. Bb5 Nb6 13. O-O Bxa6 14. Bxa6 Rxa6
15. Nd2 Na4 16. Ndb1 Rb8 17. Nxa4 Rxa4 18. Nc3 Rab4 19. Rb1 Qh4 20. Qc2 Be5 21.
g3 Qf6 22. a4 Bxc3 23. bxc3 Rxb1 24. Rxb1 Rxb1+ 25. Qxb1 Qxc3 26. Kg2 c4 27.
Qb6 Qd3 28. Qd8+ Kg7 29. Qxe7 c3 30. Qxd6 Qxe4+ 31. Kh3 h5 32. Qc5 Qe1 33. d6
Qf1+ 34. Kh4 f6 35. f4 Qf3 36. h3 g5+ 37. fxg5 Qe4+ 38. g4 Qe1+ 39. Kxh5 Qe8+
40. Kh4 Qe1+ 41. Kh5 Qe8+ 42. Kh4 1/2-1/2

[Event "Madrid 2011/2012- Semifinal A "]
[Site "Madrid ESP"]
[Date "2012.04.24"]
[Round "8.10"]
[White "De La Horra Del Barco, Ricardo"]
[Black "Garcia Prados, David"]
[Result "0-1"]
[WhiteElo "2055"]
[BlackElo "2070"]
[PlyCount "88"]
[EventDate "2012.04.10"]
[EventType "swiss"]
[EventRounds "9"]
[EventCountry "ESP"]
[Source "lmi"]
[SourceDate "2012.04.10"]

1. c4 Nf6 2. Nf3 e6 3. d4 b6 4. g3 Bb7 5. Bg2 Bb4+ 6. Nbd2 O-O 7. O-O Bxd2 8.
Bxd2 d6 9. Bf4 h6 10. Qb3 Nbd7 11. Rfd1 Rb8 12. Rac1 Qe7 13. Qa3 g5 14. Be3 a6
15. h4 Ne4 16. hxg5 hxg5 17. Nd2 Nxd2 18. Bxd2 a5 19. Bxb7 Rxb7 20. Qf3 Rbb8
21. Qg4 f6 22. Kg2 Kg7 23. Rh1 Rh8 24. f4 f5 25. Qxg5+ Qxg5 26. fxg5 Rxh1 27.
Rxh1 Rh8 28. Rh6 Rxh6 29. gxh6+ Kg6 30. Bg5 a4 31. Kf3 c6 32. e4 fxe4+ 33. Kxe4
Kxg5 34. c5 bxc5 35. dxc5 d5+ 36. Kd4 Kxh6 37. Kc3 Nxc5 38. Kb4 Nd3+ 39. Kxa4
Nxb2+ 40. Kb4 Nd3+ 41. Kc3 Nc5 42. Kd4 Nd7 43. a4 c5+ 44. Ke3 Nb6 0-1

[Event "Madrid 2011/2012- Semifinal A "]
[Site "Madrid ESP"]
[Date "2012.04.24"]
[Round "8.11"]
[White "Alvarez Abejon, Amilcar"]
[Black "Vukotic Jovsic, Dragan"]
[Result "0-1"]
[WhiteElo "2069"]
[BlackElo "1955"]
[PlyCount "36"]
[EventDate "2012.04.10"]
[EventType "swiss"]
[EventRounds "9"]
[EventCountry "ESP"]
[Source "lmi"]
[SourceDate "2012.04.10"]

1. Nf3 d5 2. g3 c6 3. c4 dxc4 4. Bg2 b5 5. a4 Bb7 6. b3 cxb3 7. Qxb3 a6 8. axb5
axb5 9. Rxa8 Bxa8 10. Ba3 Nd7 11. Nc3 e6 12. O-O Bxa3 13. Qxa3 Ne7 14. Ra1 O-O
15. Nd4 b4 16. Qxb4 c5 17. Rxa8 Qxa8 18. Qb5 Qa1+ 0-1

[Event "Madrid 2011/2012- Semifinal A "]
[Site "Madrid ESP"]
[Date "2012.04.24"]
[Round "8.12"]
[White "Rojas Pozo, Jose Luis"]
[Black "De La Fuente Gonzalez, Francisco"]
[Result "0-1"]
[WhiteElo "1976"]
[BlackElo "2193"]
[PlyCount "52"]
[EventDate "2012.04.10"]
[EventType "swiss"]
[EventRounds "9"]
[EventCountry "ESP"]
[Source "lmi"]
[SourceDate "2012.04.10"]

1. e4 e5 2. Nf3 Nf6 3. Nc3 Nc6 4. Bb5 Bb4 5. O-O O-O 6. d3 d6 7. Bg5 Bxc3 8.
bxc3 Qe7 9. Re1 Nd8 10. d4 Ne6 11. Bc1 c5 12. d5 Nc7 13. Bd3 Bd7 14. c4 b5 15.
cxb5 Nxb5 16. Bd2 Rab8 17. c3 Rb7 18. Rb1 Rfb8 19. h3 Be8 20. a4 Nc7 21. Qc2
Rxb1 22. Rxb1 Rxb1+ 23. Qxb1 Bxa4 24. Qb7 Be8 25. c4 Ncxd5 26. Qb8 Qc7 0-1

[Event "Madrid 2011/2012- Semifinal A "]
[Site "Madrid ESP"]
[Date "2012.04.24"]
[Round "8.13"]
[White "Spitzer Isbert, Ramon"]
[Black "Ocaña Lameiro, Oliver"]
[Result "0-1"]
[WhiteElo "2046"]
[BlackElo "2002"]
[PlyCount "110"]
[EventDate "2012.04.10"]
[EventType "swiss"]
[EventRounds "9"]
[EventCountry "ESP"]
[Source "lmi"]
[SourceDate "2012.04.10"]

1. Nf3 d5 2. c4 d4 3. e3 c5 4. b4 cxb4 5. exd4 e6 6. Bb2 Nf6 7. Bd3 Be7 8. O-O
O-O 9. Re1 b6 10. a3 Nc6 11. Bf1 Bb7 12. g3 a5 13. Bg2 bxa3 14. Nxa3 Nb4 15. d3
Nd7 16. Nb5 Nb8 17. d5 exd5 18. Rxe7 Qxe7 19. Nh4 f5 20. Qf3 g6 21. Bc3 Nd7 22.
Re1 Qc5 23. Nd4 Rae8 24. Ne6 Qd6 25. Nxf8 Rxe1+ 26. Bxe1 Nxf8 27. Bc3 Nd7 28.
Qe3 d4 29. Qe8+ Qf8 30. Qe6+ Qf7 31. Qxf7+ Kxf7 32. Bxd4 Bxg2 33. Kxg2 Nxd3 34.
Nf3 h6 35. Kf1 Ke6 36. Ke2 Nc1+ 37. Ke3 Nb3 38. Bg7 Nf6 39. h3 a4 40. Bf8 Ne4
41. Bb4 Na5 42. Nd4+ Kd7 43. Bxa5 bxa5 44. g4 Nd6 45. c5 Nf7 46. gxf5 gxf5 47.
Kf4 Ng5 48. Ke5 Nxh3 49. c6+ Kc7 50. Kd5 Nf4+ 51. Kc5 Nd3+ 52. Kb5 a3 53. Ne6+
Kc8 54. Nd4 a2 55. Nc2 h5 0-1

[Event "Madrid 2011/2012- Semifinal A "]
[Site "Madrid ESP"]
[Date "2012.04.24"]
[Round "8.14"]
[White "Cano Mercado, Francisco Manuel"]
[Black "Garcia Gutierrez, Jose"]
[Result "0-1"]
[WhiteElo "1872"]
[BlackElo "2028"]
[PlyCount "136"]
[EventDate "2012.04.10"]
[EventType "swiss"]
[EventRounds "9"]
[EventCountry "ESP"]
[Source "lmi"]
[SourceDate "2012.04.10"]

1. d4 Nf6 2. Nf3 b6 3. g3 Bb7 4. Bg2 g6 5. O-O Bg7 6. c4 O-O 7. Nc3 d6 8. Qc2
Nbd7 9. e4 e5 10. dxe5 Nxe5 11. Nxe5 dxe5 12. Rd1 Qe8 13. b3 Qe6 14. Ba3 c5 15.
Bb2 Qe7 16. Re1 Rad8 17. Rad1 Rxd1 18. Rxd1 Rd8 19. Nd5 Bxd5 20. exd5 Qd6 21.
Re1 Nd7 22. Bh3 Nf8 23. Qc3 f6 24. Qe3 Re8 25. Bc3 f5 26. Qc1 Re7 27. Qb2 Nd7
28. Qe2 Bf6 29. g4 e4 30. Bxf6 Qxf6 31. gxf5 gxf5 32. Kh1 Rg7 33. Qh5 Rg5 34.
Qe8+ Nf8 35. Rg1 Rxg1+ 36. Kxg1 Qg6+ 37. Qxg6+ hxg6 38. f3 exf3 39. Kf2 Kf7 40.
Kxf3 Kf6 41. Bf1 Ke5 42. h4 Nd7 43. Bh3 Nf6 44. Ke3 Ne4 45. Bg2 Nd6 46. Bf3 a6
47. Be2 b5 48. Bf1 b4 49. Bd3 Ne8 50. Bb1 Nf6 51. Kf3 Nh5 52. Ke3 Nf4 53. Kf3
a5 54. Bc2 Nh5 55. Ke3 Nf6 56. Bd1 Ne4 57. h5 gxh5 58. Bxh5 Nc3 59. Be8 Nxa2
60. Kf3 Nc3 61. Ke3 Ne4 62. Kd3 f4 63. Bg6 Ng5 64. Be8 Nf3 65. Bh5 Nd4 66. Bd1
f3 67. Ke3 Kd6 68. Kf2 a4 0-1

[Event "Madrid 2011/2012- Semifinal A "]
[Site "Madrid ESP"]
[Date "2012.04.24"]
[Round "8.15"]
[White "Yagüe Sanchez, Sergio Roberto"]
[Black "Quintero Torres, Pedro"]
[Result "1/2-1/2"]
[WhiteElo "1844"]
[BlackElo "2022"]
[PlyCount "62"]
[EventDate "2012.04.10"]
[EventType "swiss"]
[EventRounds "9"]
[EventCountry "ESP"]
[Source "lmi"]
[SourceDate "2012.04.10"]

1. d4 Nf6 2. c4 g6 3. Nc3 d5 4. cxd5 Nxd5 5. e4 Nxc3 6. bxc3 Bg7 7. Bc4 c5 8.
Ne2 O-O 9. O-O cxd4 10. cxd4 Nc6 11. Be3 Bg4 12. f3 Na5 13. Bxf7+ Rxf7 14. fxg4
Rxf1+ 15. Kxf1 Qd7 16. h3 b5 17. Rc1 Nc4 18. Qb3 Qe6 19. e5 Nxe3+ 20. Qxe3 Qxa2
21. Nc3 Qc4+ 22. Kg1 Rd8 23. Ne2 Qe6 24. g5 Rc8 25. Rxc8+ Qxc8 26. Qb3+ Qc4 27.
Qxc4+ bxc4 28. Kf2 e6 29. Ke3 Bf8 30. d5 Bc5+ 31. Ke4 exd5+ 1/2-1/2

[Event "Madrid 2011/2012- Semifinal A "]
[Site "Madrid ESP"]
[Date "2012.04.24"]
[Round "8.16"]
[White "Lorenzo Bailador, Alfredo"]
[Black "Andalon Gomez, Carlos Jesus"]
[Result "1-0"]
[WhiteElo "2005"]
[BlackElo "2035"]
[PlyCount "149"]
[EventDate "2012.04.10"]
[EventType "swiss"]
[EventRounds "9"]
[EventCountry "ESP"]
[Source "lmi"]
[SourceDate "2012.04.10"]

1. e4 c6 2. d4 d5 3. exd5 cxd5 4. Bd3 Nc6 5. c3 Qc7 6. h3 Nf6 7. Nf3 g6 8. O-O
Bf5 9. Re1 Bxd3 10. Qxd3 Bg7 11. Ne5 e6 12. Nd2 Nxe5 13. dxe5 Nd7 14. f4 O-O
15. Nf3 Nc5 16. Qc2 Ne4 17. Be3 b5 18. Qd3 Qc4 19. Red1 Rfc8 20. Qc2 b4 21. Rd4
Qb5 22. Qb3 a5 23. cxb4 a4 24. Qd3 Qxd3 25. Rxd3 Rc2 26. Rb1 Bf8 27. a3 Rac8
28. Kh2 Be7 29. Nd2 f5 30. Nf3 Kf7 31. Nd4 R2c4 32. Rdd1 g5 33. fxg5 Bxg5 34.
Bxg5 Nxg5 35. b3 axb3 36. Rxb3 Ne4 37. Nb5 Ke7 38. a4 Rc2 39. a5 Rg8 40. Rg1 f4
41. Nd4 Ra2 42. Nf3 Ng3 43. Rgb1 Nf5 44. R3b2 Ra3 45. b5 Rxa5 46. b6 Rb8 47. b7
Ra7 48. Rb6 h6 49. R1b4 Kd7 50. h4 Ra2 51. Rxf4 Ra7 52. Rfb4 Ra2 53. Rg4 Ra7
54. Rgb4 Ra2 55. Rb2 Rxb2 56. Rxb2 Kc7 57. g4 Ne3 58. Kg3 Nc4 59. Rb4 Rxb7 60.
Rxb7+ Kxb7 61. g5 hxg5 62. h5 Ne3 63. Nxg5 Kc7 64. Nxe6+ Kd7 65. Nd4 Ke7 66.
Kf4 Nc4 67. Kf5 Kf7 68. e6+ Kg7 69. Kg5 Ne5 70. Nf5+ Kf8 71. h6 Kg8 72. Ne7+
Kh7 73. Nxd5 Nf3+ 74. Kh5 Nd4 75. e7 1-0

[Event "Madrid 2011/2012- Semifinal A "]
[Site "Madrid ESP"]
[Date "2012.04.24"]
[Round "8.17"]
[White "Santacruz Molina, Ildefonso"]
[Black "Luna Hermoso, Angel"]
[Result "0-1"]
[WhiteElo "1933"]
[BlackElo "2013"]
[PlyCount "78"]
[EventDate "2012.04.10"]
[EventType "swiss"]
[EventRounds "9"]
[EventCountry "ESP"]
[Source "lmi"]
[SourceDate "2012.04.10"]

1. d4 Nf6 2. Nc3 c5 3. d5 d6 4. e4 g6 5. Be2 Bg7 6. h4 h5 7. Bg5 Qb6 8. Rb1 Bg4
9. Qd2 Bxe2 10. Ngxe2 Nbd7 11. O-O Ng4 12. Na4 Qa6 13. Nac3 Nde5 14. b3 b5 15.
f4 b4 16. Nd1 Nd7 17. e5 dxe5 18. f5 f6 19. Be3 Nxe3 20. Nxe3 Bh6 21. Ng3 Bf4
22. Qf2 g5 23. Ne4 Bxe3 24. Qxe3 gxh4 25. Rfd1 Rg8 26. Kf2 Rg4 27. d6 Qc6 28.
Re1 exd6 29. Kg1 d5 30. Nf2 d4 31. Qh3 Rg3 32. Qh2 O-O-O 33. Ne4 Re3 34. Qxh4
Rg8 35. Rxe3 dxe3 36. Ng3 Rg4 37. Qh3 Qd5 38. Re1 Qd4 39. Re2 Rh4 0-1

[Event "Madrid 2011/2012- Semifinal A "]
[Site "Madrid ESP"]
[Date "2012.04.24"]
[Round "8.18"]
[White "Camarero Izquierdo, Juan Carlos"]
[Black "Lopez Garralon, Miguel"]
[Result "1-0"]
[WhiteElo "1881"]
[BlackElo "1928"]
[PlyCount "67"]
[EventDate "2012.04.10"]
[EventType "swiss"]
[EventRounds "9"]
[EventCountry "ESP"]
[Source "lmi"]
[SourceDate "2012.04.10"]

1. d4 d6 2. Nc3 Nf6 3. e4 Nbd7 4. Be3 e5 5. f3 c6 6. Qd2 Be7 7. O-O-O Qc7 8. g4
h6 9. h4 b6 10. Nh3 Bb7 11. g5 hxg5 12. Nxg5 Nh7 13. Bc4 Nxg5 14. hxg5 O-O-O
15. Bxf7 exd4 16. Bxd4 Ne5 17. Rxh8 Rxh8 18. Bxe5 dxe5 19. g6 Qd8 20. Qg2 Bg5+
21. Kb1 Qf6 22. a3 Kb8 23. Ne2 Bc8 24. Rh1 Bh6 25. Ng3 Rd8 26. Rh5 Qf4 27. Ne2
Rd1+ 28. Ka2 Qd2 29. Qh2 Qxc2 30. Qxe5+ Ka8 31. Rxh6 gxh6 32. g7 Qb1+ 33. Kb3
a5 34. g8=Q 1-0

[Event "Madrid 2011/2012- Semifinal A "]
[Site "Madrid ESP"]
[Date "2012.04.24"]
[Round "8.19"]
[White "Fernandez Garcia, Ignacio"]
[Black "Carrera Cabañeros, Francisco"]
[Result "1-0"]
[WhiteElo "1909"]
[BlackElo "1814"]
[PlyCount "119"]
[EventDate "2012.04.10"]
[EventType "swiss"]
[EventRounds "9"]
[EventCountry "ESP"]
[Source "lmi"]
[SourceDate "2012.04.10"]

1. e4 e5 2. Nf3 Nc6 3. Bc4 Nf6 4. Nc3 Be7 5. h3 d6 6. d3 Be6 7. Be3 d5 8. exd5
Nxd5 9. Nxd5 Bxd5 10. Qe2 O-O 11. Bxd5 Qxd5 12. O-O Rfe8 13. a3 Nd4 14. Bxd4
exd4 15. Rfe1 Kf8 16. Qe4 Qxe4 17. Rxe4 c5 18. Rae1 Bf6 19. Nd2 b5 20. b3 Rxe4
21. Rxe4 Re8 22. Kf1 Rxe4 23. Nxe4 Be7 24. Ke2 f5 25. Nd2 Kf7 26. f4 Kf6 27. g4
h6 28. Kf3 g6 29. a4 a6 30. axb5 axb5 31. Nf1 Bd6 32. Ng3 Ke6 33. h4 Kf6 34. h5
fxg4+ 35. Kxg4 gxh5+ 36. Nxh5+ Kf7 37. Ng3 Bf8 38. Kf5 Be7 39. Ke5 Bf8 40. Ne4
Be7 41. f5 h5 42. f6 Bf8 43. Kf5 h4 44. Kg4 Kg6 45. Kxh4 Kf5 46. Kg3 Bh6 47.
Nxc5 Kxf6 48. Kf3 Ke5 49. Kg4 Bd2 50. Ne4 Ba5 51. Ng5 Bb6 52. Nf3+ Kd5 53. Kf5
Bc7 54. Ng5 Ba5 55. Ne4 Bc3 56. Nf6+ Kd6 57. Ke4 Bb2 58. Nd5 Kc5 59. Nf4 Ba1
60. Ne6+ 1-0